Datum a čas kvízu
12
Celkem bodů
Celkový počet nahraných bodů na tomto kvízu bez doplňovacích otázek.
13.
Pořadí na kvízu
Konečné umístění týmu na tomto kvízu.
Zaznamenané odpovědi
| # | Otázka | Odpověď | Body | Výsledky |
|---|---|---|---|---|
| 1. | V sobotu měl vodní slalomář a... | Jiří Prskavec | 1 | |
| 2. | Minulý týden vysoudil v Argent... | byl vyfotografován nahý (na svém pozemku) | 1 | |
| 3. | V jednom moravském cca 25tisíc... | Uherské Hradiště | 0 | |
| 4. | Společnost Central European Pe... | Polsku | 0 | |
| 5. | Marie Bouzková získala v sobot... | v Praze | 0 | |
| 6. | Ve stejný den na svátek Sv. Ru... | Přemysl Otakar II. a Jan Lucemburský | 0 | |
| 7. | Ve kterém roce se odehrála bit... | 1620 | 0 | |
| 8. | Dva čeští vojáci, kteří se o m... | D | 0 | |
| 9. | Jedním z mála projevů vzdoru p... | Frýdek-Místek | 0 | |
| 10. | Poslední otázku věnujeme poráž... | 2000; Nizozemsko | 0 |